<?xml version="1.0" encoding="UTF-8"?>
<record
    xmlns:xsi="http://www.w3.org/2001/XMLSchema-instance"
    xsi:schemaLocation="http://www.loc.gov/MARC21/slim http://www.loc.gov/standards/marcxml/schema/MARC21slim.xsd"
    xmlns="http://www.loc.gov/MARC21/slim">

  <leader>00773nam a2200217 i 4500</leader>
  <controlfield tag="001">164095</controlfield>
  <controlfield tag="003">ES-MaACL</controlfield>
  <controlfield tag="005">20250903011204.0</controlfield>
  <controlfield tag="008">940512s1884    sp           |||| | spa d</controlfield>
  <datafield tag="040" ind1=" " ind2=" ">
    <subfield code="a">CAT </subfield>
    <subfield code="b">spa </subfield>
    <subfield code="c">CAT </subfield>
    <subfield code="d">CCPB</subfield>
  </datafield>
  <datafield tag="080" ind1=" " ind2="4">
    <subfield code="a">51</subfield>
  </datafield>
  <datafield tag="100" ind1="1" ind2=" ">
    <subfield code="a">Rubio y Diaz, Vicente.</subfield>
    <subfield code="9">222492</subfield>
  </datafield>
  <datafield tag="245" ind1="1" ind2="0">
    <subfield code="a">Elementos de matem&#xE1;ticas / </subfield>
    <subfield code="c">por Vicente Rubio y D&#xED;az.</subfield>
  </datafield>
  <datafield tag="250" ind1=" " ind2=" ">
    <subfield code="a">4&#xAA; ed.</subfield>
  </datafield>
  <datafield tag="260" ind1=" " ind2=" ">
    <subfield code="a">C&#xE1;diz : </subfield>
    <subfield code="b">[s.n.], </subfield>
    <subfield code="c">1884 (</subfield>
    <subfield code="f">Imprenta de la Revista M&#xE9;dica de Federico Joly)</subfield>
  </datafield>
  <datafield tag="300" ind1=" " ind2=" ">
    <subfield code="a">2 vol. (a VII, 456; 424 p.) ; </subfield>
    <subfield code="c">19 cm.</subfield>
  </datafield>
  <datafield tag="505" ind1="8" ind2=" ">
    <subfield code="a">Contiene: vol. 1: Aritm&#xE9;tica y &#xE1;lgebra ; vol. 2: Geometr&#xED;a y trigonometr&#xED;a</subfield>
  </datafield>
  <datafield tag="650" ind1="0" ind2="7">
    <subfield code="a">Matem&#xE1;ticas</subfield>
    <subfield code="2">embne</subfield>
    <subfield code="9">14814</subfield>
  </datafield>
  <datafield tag="852" ind1=" " ind2=" ">
    <subfield code="a">ES-MaACL</subfield>
    <subfield code="j">G-4584-4585 </subfield>
    <subfield code="z">-- Enc. pasta espa&#xF1;ola</subfield>
  </datafield>
  <datafield tag="999" ind1=" " ind2=" ">
    <subfield code="c">164095</subfield>
    <subfield code="d">164095</subfield>
  </datafield>
  <datafield tag="952" ind1=" " ind2=" ">
    <subfield code="0">0</subfield>
    <subfield code="1">0</subfield>
    <subfield code="4">0</subfield>
    <subfield code="7">0</subfield>
    <subfield code="8">LIBXIX</subfield>
    <subfield code="a">ATENEOM</subfield>
    <subfield code="b">ATENEOM</subfield>
    <subfield code="c">DEPO2</subfield>
    <subfield code="d">2008-01-17</subfield>
    <subfield code="e">SSC</subfield>
    <subfield code="l">0</subfield>
    <subfield code="o">G-4584-4585</subfield>
    <subfield code="p">1171981</subfield>
    <subfield code="r">2023-02-23 00:00:00</subfield>
    <subfield code="w">2023-02-23</subfield>
    <subfield code="y">MONANT</subfield>
  </datafield>
</record>
